000 00419 a2200133 4500
001 91399
082 _aPR 1295
090 _c43529
_d43528
100 _anaveed Akram; Prof Jehanzeb Masud (Advisor)
245 _aDesign and Analysis of 100,000lb Thrust Class Gas Turbine Engine for a heavy Lift Transport Aircraft
_n49 "A" EC
260 _aKarachi
_bNED University
_c1998
300 _a54p
500 _aBE Poject Reports
942 _aCAE NUST
_kPR 1295
999 _c326472
_d326472